Statistics for Besiktas Biggest Transfers

Click here to take the quiz!

General Stats

  • This quiz has been taken 44 times
  • The average score is 52 of 152

Answer Stats

% Correct
IncomingsPortugalRWRicardo Quaresma15/16Porto
97%
IncomingsPortugalRWRicardo Quaresma10/11Inter Milan
97%
OutgoingsSenegalSTDemba Ba15/16Shanghai Shenhua
85%
IncomingsSenegalSTDemba Ba14/15Chelsea
85%
IncomingsCameroonSTVincent Aboubakar16/17Porto
82%
IncomingsBrazilAMAnderson Talisca16/17Benfica
77%
OutgoingsTurkeySTCenk Tosun17/18Everton
77%
IncomingsBrazilLBAdriano16/17Barcelona
72%
OutgoingsSpainGKFabri18/19Fulham
72%
IncomingsPortugalCMGedson Fernandes22/23Benfica
72%
IncomingsSerbiaAMAdem Ljajic18/19Torino
67%
IncomingsSerbiaAMAdem Ljajic19/20Torino
67%
IncomingsBrazilCBMarcelo16/17Hannover
67%
OutgoingsBrazilCBMarcelo17/18Lyon
67%
IncomingsKosovoRWMilot Rashica23/24Norwich City
67%
IncomingsNetherlandsRWJeremain Lens17/18Sunderland
64%
IncomingsNetherlandsRWJeremain Lens18/19Sunderland
64%
OutgoingsNetherlandsLWRyan Babel18/19Fulham
64%
IncomingsAlgeriaRWRachid Ghezzal21/22Leicester City
62%
IncomingsFranceRBValentin Rosier22/23Sporting CP
62%
IncomingsDR CongoLBArthur Masuaku23/24West Ham United
59%
OutgoingsChileCBGary Medel19/20Bologna
59%
IncomingsChileCBGary Medel17/18Inter Milan
59%
IncomingsCameroonLWGeorges-Kevin N'Koudou19/20Tottenham Hotspur
59%
IncomingsTurkeySTBurak Yilmaz18/19Trabzonspor
56%
IncomingsTurkeySTBurak Yilmaz06/07Antalyaspor
56%
IncomingsArgentinaCMJose Sosa15/16Metalist Kharkiv
56%
IncomingsArgentinaCMJose Sosa14/15Metalist Kharkiv
56%
OutgoingsArgentinaCMJose Sosa16/17Milan
56%
IncomingsGermanyGKLoris Karius18/19Liverpool
56%
IncomingsGambiaCBOmar Colley22/23Sampdoria
56%
OutgoingsTurkeyRWGokhan Tore16/17West Ham United
54%
IncomingsTurkeyRWGokhan Tore14/15Rubin Kazan
54%
OutgoingsQatarAMRodrigo Tabata11/12Al-Rayyan
54%
IncomingsQatarAMRodrigo Tabata09/10Gaziantepspor
54%
IncomingsPortugalAMManuel Fernandes11/12Valencia
51%
IncomingsTurkeyGKMert Gunok21/22Istanbul Basaksehir
51%
IncomingsTurkeyRBOnur Bulut22/23Kayserispor
51%
IncomingsSpainSTAlvaro Negredo17/18Valencia
49%
IncomingsCanadaSTCyle Larin17/18Orlando City
49%
OutgoingsTurkeySTNihat Kahveci01/02Real Sociedad
49%
IncomingsTurkeySTNihat Kahveci09/10Villarreal
49%
OutgoingsTurkeyLBRidvan Yilmaz22/23Rangers
49%
IncomingsGermanyRBAndreas Beck15/16Hoffenheim
46%
OutgoingsGermanyRBAndreas Beck17/18Stuttgart
46%
OutgoingsMoroccoCBRomain Saiss23/24Al-Sadd
46%
IncomingsTurkeyAMSergen Yalcin02/03Siirtspor
46%
OutgoingsTurkeyAMSergen Yalcin97/98Istanbulspor
46%
IncomingsKazakhstanLWBakhtiyor Zaynutdinov23/24CSKA Moscow
44%
OutgoingsSerbiaCBDusko Tosic18/19Guangzhou R&F
44%
IncomingsCameroonDMJean Onana23/24Lens
44%
IncomingsArgentinaAMMatias Delgado06/07Basel
44%
OutgoingsGermanyCMTolgay Arslan18/19Fenerbahce
44%
OutgoingsTurkeyCBErsan Gulum15/16Hebei China Fortune
41%
IncomingsTurkeyCBErsan Gulum11/12Adanaspor
41%
IncomingsSlovakiaRWFilip Holosko07/08Manisaspor
41%
OutgoingsCroatiaCBMatej Mitrovic18/19Club Brugge
41%
IncomingsCroatiaCBMatej Mitrovic16/17HNK Rijeka
41%
IncomingsUnited StatesLWTyler Boyd19/20Vitoria Guimaraes
41%
IncomingsCape VerdeLWBebe11/12Manchester United
38%
IncomingsPortugalSTHugo Almeida10/11Werder Bremen
38%
IncomingsTurkeyCBTayyip Talha Sanuc22/23Adana Demirspor
38%
IncomingsTurkeyGKTolga Zengin13/14Trabzonspor
38%
IncomingsBrazilSTVagner Love17/18Alanyaspor
38%
OutgoingsTurkeyCBAtinc Nukan15/16RB Leipzig
36%
IncomingsBrazilSTBobo06/07Corinthians
36%
IncomingsGermanyDMFabian Ernst08/09Schalke
36%
IncomingsDR CongoLWJackson Muleka22/23Standard Liege
36%
OutgoingsTurkeyLWKerim Frei16/17Birmingham City
36%
IncomingsTurkeyLWKerim Frei13/14Fulham
36%
IncomingsCzech RepublicCBTomas Sivok08/09Udinese
36%
IncomingsTurkeyLBUmut Meras21/22Le Havre
36%
IncomingsBosniaDMAmir Hadziahmetovic22/23Konyaspor
33%
IncomingsUkraineGKDenys Boyko15/16Dnipro Dnipropetrovsk
33%
OutgoingsTurkeyCMEmirhan Ilkhan22/23Torino
33%
IncomingsTurkeyLBIsmail Koybasi09/10Gaziantepspor
33%
IncomingsNorwaySTJohn Carew04/05Valencia
33%
OutgoingsNorwaySTJohn Carew05/06Lyon
33%
IncomingsTurkeyRBTayfur Bingol23/24Alanyaspor
33%
OutgoingsScotlandGKAllan McGregor13/14Hull City
31%
IncomingsArmeniaRWAras Ozbiliz15/16Spartak Moscow
31%
OutgoingsFranceSTPascal Nouma01/02Marseille
31%
IncomingsFranceSTPascal Nouma00/01Lens
31%
IncomingsFranceSTPascal Nouma02/03Marseille
31%
IncomingsBrazilCBRhodolfo15/16Gremio
31%
OutgoingsBrazilCBRhodolfo17/18Flamengo
31%
IncomingsTurkeySTIlhan Mansiz01/02Samsunspor
28%
OutgoingsTurkeySTIlhan Mansiz03/04Vissel Kobe
28%
OutgoingsTurkeyCBSerdar Saatci22/23Braga
28%
IncomingsSpainCBVictor Ruiz19/20Villarreal
28%
IncomingsColombiaGKOscar Cordoba03/04Boca Juniors
26%
IncomingsColombiaCBPedro Franco13/14Millonarios
26%
IncomingsSwedenCBAlexander Milosevic14/15AIK
23%
IncomingsNigeriaSTDaniel Amokachi96/97Everton
23%
IncomingsTurkeyCBEmrecan Uzunhan22/23Istanbulspor
23%
IncomingsTurkeyLBIbrahim Uzulmez00/01Gaziantepspor
23%
IncomingsBrazilCMKleberson05/06Manchester United
23%
IncomingsBrazilSTMert Nobre06/07Cruzeiro
23%
IncomingsBrazilLBRamon Motta14/15Corinthians
23%
IncomingsTurkeyRBSerdar Kurtulus13/14Gaziantepspor
23%
IncomingsTurkeyCBIbrahim Toraman04/05Gaziantepspor
21%
IncomingsItalyCBMatteo Ferrari09/10Genoa
21%
IncomingsTurkeySTMustafa Pektemek11/12Genclerbirligi
21%
IncomingsTurkeyCMAyhan Akman98/99Gaziantepspor
18%
IncomingsTurkeyGKCenk Gonen10/11Denizlispor
18%
OutgoingsGermanySTStefan Kuntz96/97Arminia Bielefeld
18%
IncomingsGermanySTStefan Kuntz95/96Kaiserslautern
18%
IncomingsTurkeySTAhmet Dursun99/00Kocaelispor
15%
IncomingsBrazilSTAilton05/06Schalke
15%
OutgoingsTurkeySTBatuhan Karadeniz10/11Eskisehirspor
15%
IncomingsTurkeyCMKerem Atakan Kesgin22/23Sivasspor
15%
IncomingsTurkeySTOmer Sismanoglu13/14Antalyaspor
15%
IncomingsTurkeyAMSezer Ozturk13/14Fenerbahce
15%
IncomingsTurkeyAMTumer Metin01/02Samsunspor
15%
IncomingsBrazilSTDentinho12/13Shakhtar Donetsk
13%
IncomingsAustriaRBEkrem Dag08/09Gaziantepspor
13%
IncomingsBrazilAMRicardinho06/07Corinthians
13%
IncomingsCzech RepublicCBTomas Zapotocny08/09Udinese
13%
OutgoingsCroatiaGKVedran Runje07/08Lens
13%
IncomingsCroatiaGKVedran Runje06/07Standard Liege
13%
IncomingsSpainCBAlexis Ruano15/16Getafe
10%
OutgoingsGuineaSTSouleymane Youla06/07Lille
10%
IncomingsGuineaSTSouleymane Youla05/06Genclerbirligi
10%
IncomingsTurkeyRBAli Tandogan05/06Genclerbirligi
8%
IncomingsFranceDMEdouard Cisse07/08Paris Saint-Germain
8%
IncomingsTurkeySTErtugrul Saglam94/95Samsunspor
8%
OutgoingsItalyDMFederico Giunti04/05Bologna
8%
IncomingsItalyDMFederico Giunti02/03Brescia
8%
IncomingsArgentinaAMFederico Higuain07/08River Plate
8%
IncomingsTurkeyLBGokhan Suzen12/13Istanbul BB
8%
IncomingsCroatiaCBGordon Schildenfeld07/08Dinamo Zagreb
8%
IncomingsPortugalCMJulio Alves11/12Atletico Madrid
8%
IncomingsBrazilCBRonaldo01/02Benfica
8%
IncomingsTurkeyGKFevzi Tuncay94/95Muglaspor
5%
OutgoingsSlovakiaCMMiroslav Karhan01/02Wolfsburg
5%
IncomingsTurkeyRWOkan Koc03/04Genclerbirligi
5%
OutgoingsTurkeySTOktay Derelioglu99/00Siirt Jetpa
5%
OutgoingsTurkeyRBRecep Cetin98/99Trabzonspor
5%
OutgoingsNorwayCBRonny Johnsen96/97Manchester United
5%
IncomingsAustriaRBTanju Kayhan11/12Rapid Vienna
5%
IncomingsSpainLBJuanfran04/05Celta Vigo
3%
IncomingsGermanyLBMarkus Munch99/00Genoa
3%
IncomingsTurkeyCMUgur Inceman08/09Manisaspor
3%
OutgoingsTurkeySWUmit Bozkurt02/03Genclerbirligi
3%
IncomingsTurkeySWUmit Bozkurt00/01Denizlispor
3%
IncomingsTurkeyRBAli Eren Beserler97/98Genclerbirligi
0%
IncomingsTurkeyCBCagdas Atan04/05Denizlispor
0%
IncomingsTurkeyCBErman Guracar00/01Samsunspor
0%
OutgoingsTurkeyRBFatih Sonkaya05/06Porto
0%
IncomingsTurkeySTFazli Ulusal00/01Antalyaspor
0%
IncomingsTurkeyRWZafer Demiray02/03Trabzonspor
0%
IncomingsTunisiaAMZoubaier Baya01/02Freiburg
0%

Score Distribution

Percentile by Number Answered

Percent of People with Each Score

Your Score History

You have not taken this quiz